Traité d'épigraphie grecque / (Record no. 163217)

MARC details
000 -LEADER
campo de control de longitud fija 00912nam a2200229 i 4500
001 - NÚMERO DE CONTROL
campo de control 163217
003 - IDENTIFICADOR DE NÚMERO DE CONTROL
campo de control ES-MaACL
005 - FECHA Y HORA DE LA ÚLTIMA TRANSACCIÓN
campo de control 20250904063104.0
008 - DATOS DE LONGITUD FIJA--INFORMACIÓN GENERAL
campo de control de longitud fija 950421s1885 fr |||| | fre d
040 ## - FUENTE DE CATALOGACIÓN
Centro catalogador/agencia de origen EUS
Lengua de catalogación spa
Centro/agencia transcriptor EUS
100 1# - ENTRADA PRINCIPAL--NOMBRE DE PERSONA
9 (RLIN) 242211
Nombre de persona Reinach, Salomon,
Fechas asociadas al nombre 1858-1932
Término indicativo de función/relación Autor
110 1# - ENTRADA PRINCIPAL--NOMBRE DE ENTIDAD CORPORATIVA
Nombre de entidad corporativa o nombre de jurisdicción como elemento de entrada
9 (RLIN) 242209
245 10 - MENCIÓN DEL TÍTULO
Título Traité d'épigraphie grecque /
Mención de responsabilidad, etc. par Salomon Reinach ; précédé d'un Essai sur les inscriptions grecques par C.T. Newton ; traduit avec l'autorisation de l'auteur, augmenté de notes et de textes épigraphiques choisis.
260 ## - PUBLICACIÓN, DISTRIBUCIÓN, ETC.
Lugar de publicación, distribución, etc. Paris :
Nombre del editor, distribuidor, etc. Ernest Leroux,
Fecha de publicación, distribución, etc. 1885 (
Lugar de fabricación/manufactura Angers :
Fabricante Imprimerie Burdin et C\pie\s)
300 ## - DESCRIPCIÓN FÍSICA
Extensión XLIV, 560, 12 p. ;
Dimensiones 25 cm.
594 ## - Nota al título y mención de responsabilidad
Nota al título y mención de responsabilidad Textos epigráficos en griego.
650 #4 - PUNTO DE ACCESO ADICIONAL DE MATERIA--TÉRMINO DE MATERIA
Término de materia o nombre geográfico como elemento de entrada Epigrafía griega.
9 (RLIN) 158124
700 1# - ENTRADA AGREGADA--NOMBRE PERSONAL
Nombre de persona Newton, Charles Thomas.
9 (RLIN) 130454
852 ## - LOCALIZACIÓN
Ubicación ES-MaACL
Número de control de estantería F-1248
Nota libre -- Rust.
942 ## - ELEMENTOS DE ENTRADA SECUNDARIOS (KOHA)
Fuente del sistema de clasificación o colocación Clasificación decimal universal
Holdings
Estatus retirado Estado de pérdida Estado de daño No para préstamo Colección Biblioteca de origen Biblioteca actual Ubicación en estantería Fecha de adquisición Fuente de adquisición Total de préstamos Signatura topográfica completa Código de barras Visto por última vez Precio de reemplazo Tipo de ítem Koha
        Libros del s. XIX Biblioteca del Ateneo de Madrid Biblioteca del Ateneo de Madrid Depósito 2 17/01/2008     F-1248 1171032 23/02/2023 23/02/2023 Libro impreso antiguo